Statistics for 1990s WWF Wrestlemania Wrestlers

Click here to take the quiz!

General Stats

  • This quiz has been taken 80 times
  • The average score is 15 of 28

Answer Stats

# Wrestler of Tag Team % Correct
8Undertaker
98%
8Shawn Michaels
94%
8Bret Hart
94%
3The Rock
92%
4Hulk Hogan
89%
4Stone Cold Steve Austin
86%
4HHH
83%
7Owen Hart
75%
4Randy Savage
70%
4Yokozuna
68%
3Mankind/Cactus Jack
62%
3Ultimate Warrior
62%
3Razor Ramon
60%
4British Bulldog
54%
3Lex Luger
44%
4Legion of Doom
41%
4Earthquake
40%
4Jake Roberts
40%
4Ted DiBiase
38%
4Goldust
37%
4Big Boss Man
35%
3Mr Perfect
35%
3Rick Martel
30%
3Billy Gunn
30%
3Roddy Piper
30%
4Crush
24%
4Tito Santana
19%
3Bart Gunn
10%

Score Distribution

Percentile by Number Answered

Percent of People with Each Score

Your Score History

You have not taken this quiz